000 00845nmc a2200289 a 4500
003 AR-BaBNM
005 20251128205557.0
008 148019s1996 ||||||||||||||000 | spa||
020 _a84-7738-431-2
040 _cAR-BaBNM
100 1 _aGonzález Wagner, Carlos
245 1 0 _aEl próximo Oriente antiguo
260 _aMadrid
_bSíntesis
_c1996
300 0 _a286 p.
_bmapas, láms., il.
490 0 _aHistoria universal: antigua
_vv. 3/2
500 0 _aApéndices metodológicos para consultar p. 269-276
504 _aBibliografía p. 277-281
650 4 _aRELIGION
650 4 _aCIVILIZACIONES ANTIGUAS
650 4 _aHISTORIA DE LA FILOSOFIA
650 4 _aHISTORIA POLITICA
651 4 _aOriente
800 1 _aPlácido, Domingo
_edirector
800 1 _aAlvar Ezquerra, Jaime
_ecoordinador
942 _cBK
998 _cMariana
999 _c11970
_d11970